00520nam a22001577a 450000500170000001000150001702000260003203500140005803700130007208200190008524501180010426000740022227000270029630000200032350000190034320170531155730.0 aENG-118496 a9788191001631c350.00 aEN-102028 bDBAD/PUB a398.0820954162 aMothers daughters and others :cedied by Nandana Duttabrepresentation of women in the folk narratives of Assam / aAssambAnundoram Borooah Institute Of Language, Art And Culturec2016 aGuwahati-781030, Assam a292pc22cm.(Hb) aIncludes index